| 000 | 01356nam a2200361 c 4500 | ||
|---|---|---|---|
| 001 | 1984 | ||
| 003 | ES-MaCES | ||
| 005 | 20150925135745.0 | ||
| 008 | 940715s1993 sp ||| | spa d | ||
| 035 | _aCES19980019976m | ||
| 040 |
_aES-MaCES _bspa _cES-MaCES |
||
| 245 | 0 | 0 |
_aElecciones sindicales 1990 _c[Ministerio de Trabajo y Seguridad Social, Dirección General de Informática y Estadística, Subdirección General de Estadística] |
| 260 |
_a[Madrid _bCentro de Publicaciones, Ministerio de Trabajo y Seguridad Social _cD.L. 1993] |
||
| 300 |
_a[24] h. _c21x30 cm |
||
| 500 | _aEn: Elecciones sindicales 1990. - Vol. 1, t. 1. Resultados nacionales ; p. 25-47 | ||
| 500 | _aEjemp. fotocopiado | ||
| 541 | _cGratuito | ||
| 650 | 4 |
_arepresentante de los trabajadores _928374 |
|
| 650 | 4 |
_acomité de empresa _928912 |
|
| 650 | 4 |
_aelección _927234 |
|
| 650 | 4 |
_aparticipación política _927242 |
|
| 650 | 4 |
_asector económico _930015 |
|
| 650 | 4 |
_aComunidades Autónomas _930768 |
|
| 650 | 4 |
_aEspaña _926964 |
|
| 650 | 4 |
_a1990 _930844 |
|
| 650 | 4 |
_acuadros estadísticos _928890 |
|
| 653 | 1 | 0 | _aRelaciones laborales-Empleo |
| 650 | 4 |
_928377 _asindicato |
|
| 710 | 1 |
_aEspaña _bMinisterio de Trabajo y Seguridad Social _93276 |
|
| 902 | _aDOC Literatura gris | ||
| 942 |
_2CES _cBK _h2.0. |
||
| 999 |
_c1984 _d1984 |
||